000 00923nam a22002417a 4500
999 _c145401
_d145401
005 20221212111357.0
010 _a1718EN-30 ENG-121411 ENG-135821
020 _a9788178244730
_c495.00
035 _aEN-104943
035 _aB-683029-3031
035 _aEN-119353
037 _bAakar
_adpl
037 _bDBAD/PUB
082 _a230.61
100 _aNicholson, Andrew J.
245 _aUnifying Hinduism :
_cby Andrew J. Nicholson
_bphilosophy and identity in Indian intellectual history /
260 _aRanikhet
_bPermanent Black
_c2015
270 _aHimalayana, Mall Road, Ranikhet Cantt.
_bRanikhet
_e263645
300 v _axii,266p.
_c22cm(pbk)
500 _aIncludes index
942 _2ddc
_cEN
_mNIC
_h230.61